Prehistoric Baluchistan, with excavation report on Said Qala Tepe / (Record no. 330853)

000 -LEADER
fixed length control field 01367cam a2200313 i 4500
001 - CONTROL NUMBER
control field 4642639
003 - CONTROL NUMBER IDENTIFIER
control field NUST
005 - DATE AND TIME OF LATEST TRANSACTION
control field 20170817110917.0
008 - FIXED-LENGTH DATA ELEMENTS--GENERAL INFORMATION
fixed length control field 800510s1978 ii a b 000 0 eng
010 ## - LIBRARY OF CONGRESS CONTROL NUMBER
LC control number 78901142
020 ## - INTERNATIONAL STANDARD BOOK NUMBER
Terms of availability Rs100.00 ($20.00 U.S.)
040 ## - CATALOGING SOURCE
Original cataloging agency DLC
Transcribing agency DLC
Modifying agency DLC
043 ## - GEOGRAPHIC AREA CODE
Geographic area code a-af---
-- a-pk---
-- a-ii---
050 00 - LIBRARY OF CONGRESS CALL NUMBER
Classification number GN855.B34
Item number S5 1978
082 00 - DEWEY DECIMAL CLASSIFICATION NUMBER
Classification number 954.915
Author Mark SHA
100 1# - MAIN ENTRY--PERSONAL NAME
Personal name Shaffer, Jim G.,
Dates associated with a name 1944-
9 (RLIN) 3944
245 10 - TITLE STATEMENT
Title Prehistoric Baluchistan, with excavation report on Said Qala Tepe /
Statement of responsibility, etc. Jim G. Shaffer.
260 ## - PUBLICATION, DISTRIBUTION, ETC.
Place of publication, distribution, etc. Delhi :
Name of publisher, distributor, etc. B.R. Pub. Corp., on behalf of Indian Society for Prehistoric and Quaternary Studies ;
Place of publication, distribution, etc. New Delhi :
Name of publisher, distributor, etc. distributed by D.K. Publishers' Distributors,
Date of publication, distribution, etc. 1978.
300 ## - PHYSICAL DESCRIPTION
Extent xx, 195 p. :
Other physical details ill. ;
Dimensions 25 cm.
490 1# - SERIES STATEMENT
Series statement ISPQS history & archaeology series ; v. 3
500 ## - GENERAL NOTE
General note A revision of the author's thesis, University of Wisconsin, 1972.
504 ## - BIBLIOGRAPHY, ETC. NOTE
Bibliography, etc. note Bibliography: p. [183]-195.
650 #0 - SUBJECT ADDED ENTRY--TOPICAL TERM
Topical term or geographic name entry element Antiquities, Prehistoric
Geographic subdivision Pakistan
-- Balochistān.
9 (RLIN) 3945
651 #0 - SUBJECT ADDED ENTRY--GEOGRAPHIC NAME
Geographic name Baluchistan
General subdivision Antiquities.
9 (RLIN) 3946
651 #0 - SUBJECT ADDED ENTRY--GEOGRAPHIC NAME
Geographic name Said Qala Tepe, Afghanistan.
9 (RLIN) 3947
710 2# - ADDED ENTRY--CORPORATE NAME
Corporate name or jurisdiction name as entry element Indian Society for Prehistoric and Quaternary Studies.
9 (RLIN) 3948
810 2# - SERIES ADDED ENTRY--CORPORATE NAME
Corporate name or jurisdiction name as entry element Indian Society for Prehistoric and Quaternary Studies.
Title of a work ISPQS history & archaeology series ;
Volume/sequential designation v. 3.
9 (RLIN) 3949
906 ## - LOCAL DATA ELEMENT F, LDF (RLIN)
a 7
b cbc
c orignew
d 3
e ncip
f 19
g y-gencatlg
942 ## - ADDED ENTRY ELEMENTS (KOHA)
Source of classification or shelving scheme
Koha item type Book
Holdings
Withdrawn status Lost status Source of classification or shelving scheme Damaged status Not for loan Permanent Location Current Location Shelving location Date acquired Full call number Barcode Date last seen Copy number Price effective from Koha item type
          Central Library (CL) Central Library (CL) Book Cart 08/17/2017 954.915 SHA CL874 08/17/2017 1 08/17/2017 Book
© 2023 Central Library, National University of Sciences and Technology. All Rights Reserved.